000 01002nam a22001817a 4500
999 _c190875
_d190875
005 20220808151217.0
010 _aENG-134356
020 _a9789351952213
_c450.00
035 _aEN-117888
037 _bDBAD/PUB
082 _aN
100 _aUpendran, Achala
245 _aThe Sultanpur Chronicles:
_bShadowed City/
_cAchala Upendran
260 _aGurugram
_bHachette Book Publishing India Pvt. Ltd
_c2018
270 _a4th/5th Floors, Corporate Centre, Sector 44
_bGurugram
_e122003
300 _a341p.
_c20cm(pbk)
942 _2ddc
_cEN
_hN
_mUPE